This living world ; a college course in science /

Bibliographic Details
Main Author: Clark, Clarence C., 1894-
Other Authors: Hall, Robert Henry, 1909-
Format: Book
Language:English
Published: New York, London : McGraw-Hill book company, inc., 1940.
Edition:1st ed.
Subjects:

MARC

Tag First Indicator Second Indicator Subfields
LEADER 00000cam a2200000 4500
001 in00000041060
005 20151007070621.0
008 750806s1940 nyua b 00010 eng u
010 |a  40034046  
035 |a (OCoLC)01517934 
035 |9 AAE4358AM 
040 |c FQG  |d OCL  |d TXA  |d UtOrBLW 
049 |a TXAM  |c [148501] 
050 0 0 |a QH45  |b .C54 
082 0 |a 574 
092 |a 574  |b C592t 
100 1 |a Clark, Clarence C.,  |d 1894- 
245 1 0 |a This living world ;  |b a college course in science /  |c by C. C. Clark ... and R. H. Hall ... Drawings by Louise Waller Germann. 
250 |a 1st ed. 
264 1 |a New York,  |a London :  |b McGraw-Hill book company, inc.,  |c 1940. 
300 |a x, 519 pages :  |b illustrations, diagrams ;  |c 24 cm. 
336 |a text  |b txt  |2 rdacontent 
337 |a unmediated  |b n  |2 rdamedia 
338 |a volume  |b nc  |2 rdacarrier 
500 |a The second volume of a two-volume series: A college course in science. 
504 |a "References for more extended reading" at end of each chapter. 
650 0 |a Natural history. 
700 1 |a Hall, Robert Henry,  |d 1909- 
740 2 |a A college course in science. 
999 |a MARS 
999 f f |s 10f09b56-8900-302c-9472-8e128b24dc73  |i 15849de4-c110-3e95-9077-8a0bec669981  |t 0 
952 f f |p ric  |a Texas A&M University  |b Rellis Campus  |c Joint Library Facility  |d Remote Storage  |t 0  |e QH45 .C54  |h Library of Congress classification  |i unmediated -- volume  |m A14800970309 
998 f f |a QH45 .C54  |t 0  |l Remote Storage